<?xml version="1.0" encoding="UTF-8"?><?xml-stylesheet type="text/xsl" href="static/style.xsl"?><OAI-PMH xmlns="http://www.openarchives.org/OAI/2.0/" xmlns:xsi="http://www.w3.org/2001/XMLSchema-instance" xsi:schemaLocation="http://www.openarchives.org/OAI/2.0/ http://www.openarchives.org/OAI/2.0/OAI-PMH.xsd"><responseDate>2026-04-18T03:18:03Z</responseDate><request verb="GetRecord" identifier="oai:www.recercat.cat:2445/171420" metadataPrefix="marc">https://recercat.cat/oai/request</request><GetRecord><record><header><identifier>oai:recercat.cat:2445/171420</identifier><datestamp>2025-11-19T11:03:55Z</datestamp><setSpec>com_2072_1057</setSpec><setSpec>col_2072_478917</setSpec><setSpec>col_2072_478924</setSpec></header><metadata><record xmlns="http://www.loc.gov/MARC21/slim" xmlns:dcterms="http://purl.org/dc/terms/" xmlns:xsi="http://www.w3.org/2001/XMLSchema-instance" xmlns:doc="http://www.lyncode.com/xoai" xsi:schemaLocation="http://www.loc.gov/MARC21/slim http://www.loc.gov/standards/marcxml/schema/MARC21slim.xsd">
   <leader>00925njm 22002777a 4500</leader>
   <datafield ind2=" " ind1=" " tag="042">
      <subfield code="a">dc</subfield>
   </datafield>
   <datafield ind2=" " ind1=" " tag="720">
      <subfield code="a">Gervilla Barbero, Sandra</subfield>
      <subfield code="e">author</subfield>
   </datafield>
   <datafield ind2=" " ind1=" " tag="720">
      <subfield code="a">Beltrán Garrido, José Vicente</subfield>
      <subfield code="e">author</subfield>
   </datafield>
   <datafield ind2=" " ind1=" " tag="720">
      <subfield code="a">Farran, Andreu</subfield>
      <subfield code="e">author</subfield>
   </datafield>
   <datafield ind2=" " ind1=" " tag="260">
      <subfield code="c">2020-10-22T09:16:39Z</subfield>
   </datafield>
   <datafield ind2=" " ind1=" " tag="260">
      <subfield code="c">2020-10-22T09:16:39Z</subfield>
   </datafield>
   <datafield ind2=" " ind1=" " tag="260">
      <subfield code="c">2020-10</subfield>
   </datafield>
   <datafield ind2=" " ind1=" " tag="520">
      <subfield code="a">Dades primàries associades a un article pendent de publicar Journal of the International Society of Sports Nutrition</subfield>
   </datafield>
   <datafield ind2=" " ind1=" " tag="520">
      <subfield code="a">The increase in high-intensity training (HIT) guidelines and the use of hyperproteic diets (HPDs)&#xd;
as a treatment of excess weight in adults have generated interest in their effects on body&#xd;
composition, metabolic profile and muscular strength. So, the objective of this study was to&#xd;
determine the effects of HIT together with an HPD on the body composition, muscle&#xd;
metabolism and muscle strength of overweight or obese subjects. According to that, a&#xd;
standardized search of randomized controlled trials was carried out considering: 1) application&#xd;
of a HIT protocol, 2) compliance with an HPD and 3) their combined application in non-active&#xd;
overweight or obese subjects. Screening was then carried out by two independent researchers,&#xd;
following the criteria in the Cochrane handbook for systematic reviews of interventions. Data&#xd;
was extracted from the 8 studies selected which were systematically reviewed, and&#xd;
subsequent meta-analysis was performed. A statistically significant decrease in body fat (6&#xd;
studies which included n=294 subjects; MD -0.56 kg; 95% CI -0.90 to -0.22 kg; p=0.001; I2&#xd;
=18%; Chi2=6.08; p=0.30) and an increase in lean body mass (7 studies which included n=370&#xd;
subjects; MD 0.37 kg; 95% CI 0.02 to 0.72 kg; p=0.04; I2 =55%; Chi2=13.42; p=0.04) were&#xd;
detected. Sensitivity analysis confirmed the significance of these results. No statistically&#xd;
significant changes were observed in any of the other variables studied. Despite the&#xd;
statistically significant decrease in body fat and increase in lean body mass, not statistically or&#xd;
clinically significant improvements were observed in the other variables, not even in those&#xd;
where favorable changes had been reported in previous studies. For obtaining more conclusive&#xd;
results in future meta-analysis, it will be necessary to carry out new studies with less variable&#xd;
and better-defined HIT and HPD protocols in order to increase comparability. These studies&#xd;
should control subjects’ diet conveniently, especially protein and energy intake.</subfield>
   </datafield>
   <datafield tag="653" ind2=" " ind1=" ">
      <subfield code="a">Metabolisme</subfield>
   </datafield>
   <datafield tag="653" ind2=" " ind1=" ">
      <subfield code="a">Entrenament (Esport)</subfield>
   </datafield>
   <datafield tag="653" ind2=" " ind1=" ">
      <subfield code="a">Composició del cos humà</subfield>
   </datafield>
   <datafield tag="653" ind2=" " ind1=" ">
      <subfield code="a">Metabolism</subfield>
   </datafield>
   <datafield tag="653" ind2=" " ind1=" ">
      <subfield code="a">Coaching (Athletics)</subfield>
   </datafield>
   <datafield tag="653" ind2=" " ind1=" ">
      <subfield code="a">Body composition</subfield>
   </datafield>
   <datafield ind2="0" ind1="0" tag="245">
      <subfield code="a">Effects of high-intensity training and a high-protein diet on body composition, muscle metabolism and muscle strength in overweight adults: a systematic review and meta-analysis</subfield>
   </datafield>
</record></metadata></record></GetRecord></OAI-PMH>